Statistics for Most Common Language by South African Province

Click here to take the quiz!

General Stats

  • This quiz has been taken 819 times
    (786 since last reset)
  • The average score is 6 of 9

Answer Stats

Province%Language% Correct
KwaZulu-Natal77.8Zulu
86%
Eastern Cape78.8Xhosa
85%
Northern Cape53.8Afrikaans
80%
Western Cape49.7Afrikaans
80%
Gauteng19.8Zulu
75%
Free State64.2Sesotho
66%
North West63.4Tswana
49%
Mpumalanga27.7Swazi
44%
Limpopo52.9Northern Sotho
27%

Score Distribution

Percentile by Number Answered

Percent of People with Each Score

Your Score History

You have not taken this quiz since the last reset